Furthest Places from stations in Inner London - Statistics

General Stats
  • This quiz has been taken 7 times
  • The average score is 9 of 16
Answer Stats
Reason for distance Answer Area Closest Stations Borough(s) % Correct
Marshland, River Beckton Sewage, Thamesmead and Newham University Hospital 603.17 Beckton, Abbey Wood, Plumstead, East Ham, Prince Regent etc. Newham, Greenwich
100%
Marshland Hackney Marshes 16.89 Lea Bridge, Leyton, Hackney Wick and Homerton Hackney
86%
Parkland Roehampton and Putney Vale 384.23 Barnes, Putney, Southfields etc. Wandsworth
86%
Elevation East Dulwich 65.06 East Dulwich, North Dulwich, Honor Oak Park, Forest Hill etc. Southwark
71%
Elevation Hampstead Heath 75.31 Highate, Hampstead Heath, Hampstead, Golders Green, East Finchley etc. Camden
71%
Elevation Shooters Hill 605.59 Eltham, Falconwood, Woolwich, Plumstead etc. Greenwich
71%
Park/NPR Burgess Park 127.88 Kennington, Peckham Rye, Elephant & Castle, Bermondsey etc. Southwark
57%
NPR Eltham, Avery Hill Park 1.09 Eltham, Falconwood and New Eltham Greenwich
57%
River/NPR Fulham Riverside 22.38 Hammersmith, Putney Bridge, Parsons Green, Barnes etc. Hammersmith & Fulham
57%
River Albert Bridge 7.16 Queenstown Road, Imperial Wharf, South Kensington, Sloane Square etc. Kensington & Chelsea, Wandsworth
43%
NPR Coldharbour 31.18 Mottingham, New Eltham, Sidcup, Elmstead Woods, Chislehurst etc. Greenwich
43%
NPR Downham and South Catford 85.29 Grove Park, Bellingham, Beckenham Hill, Hither Green etc. Lewisham
43%
NPR Avery Hill 13.68 New Eltham, Falconwood, Welling, Sidcup, Albany Park etc. Greenwich
29%
NPR Clissold Park 0.1 Manor House, Stoke Newington, Canonbury and Arsenal Hackney
29%
NPR HMP Brixton 24.43 Streatham Hill, Herne Hill, Brixton, Clapham South etc. Lambeth
29%
NPR Quaggy River 22.39 Lee, Mottingham, Eltham, Kidbrooke and Grove Park. Greenwich
29%
No matching quizzes found
Score Distribution
Percent of People with Each Score
Percentile by Number Answered
Your Score History
You have not taken this quiz